| 000 | 00641nam a22001937a 4500 | ||
|---|---|---|---|
| 005 | 20250225125227.0 | ||
| 010 | _aENG-143925 | ||
| 020 |
_a9789388305426 _c421.00 |
||
| 035 | _aEN-127457 | ||
| 037 | _bDBAD/PUB | ||
| 082 |
_a363.34 _22 |
||
| 100 |
_aPandharinath Navale _978689 |
||
| 245 |
_aEarth and Atmospheric Disasters Management _cNavale Pandharinath _bNatural and Man-made _hEnglish |
||
| 260 |
_aHyderabad _bB.S Publications _c2019 |
||
| 270 |
_a4-4-309/316 ,Giriraj Lane ,Sultan Bazar _bHyderabad _e500095 |
||
| 300 |
_a473p _c24cm(pbk) |
||
| 700 |
_aSnorrason, Gylfi K. _978655 |
||
| 942 |
_2ddc _cEN _h363.34 _mPAN |
||
| 999 |
_c209739 _d209739 |
||